Pole pôsobnosti stále otvorené

Postoje českej a slovenskej verejnosti k ochrane spotrebiteľa. Informovanosť opýtaných o existencii zákona na ochranu spotrebiteľa. Názor opýtaných na súčasnú úroveň ochrany spotrebiteľa.

Gespeichert in:
Bibliographische Detailangaben
1. Verfasser: Vysekalová, Jitka
Format: Buchkapitel
Sprache:Slowakisch
Schlagworte:
Tags: Tag hinzufügen
Keine Tags, Fügen Sie das erste Tag hinzu!

MARC

LEADER 00000naa a2200000 4500
001 r014295
005 20221205075945.7
041 0 |a slo 
044 |a SK 
245 1 0 |a Pole pôsobnosti stále otvorené  |c J. Vysekalová 
520 |a Postoje českej a slovenskej verejnosti k ochrane spotrebiteľa. Informovanosť opýtaných o existencii zákona na ochranu spotrebiteľa. Názor opýtaných na súčasnú úroveň ochrany spotrebiteľa. 
610 2 0 |a ochrana spotrebiteľa 
610 2 0 |a Česko 
610 2 0 |a Slovensko 
610 2 0 |a ankety 
610 2 0 |a predpisy právne 
610 2 0 |a spotrebitelia 
100 1 |a Vysekalová, Jitka